Quiz su Torino - Statistics

Statistiche generali
  • Questo quiz è stato fatto 7 volte
  • Il punteggio medio è 15 su 17
Statistiche sulle risposte
Indizio Risposta % Corretto
Celebre casa automobilstica torinese, produttrice della Panda e della Punto FIAT
100%
Completato nel 1889 era l'edificio murato più alto del mondo fino al 1908 Mole Antonelliana
100%
Malattia che colpì più volte Torino durante il XVI e XVII secolo Peste
100%
Capoluogo di questa regione Piemonte
100%
Dal 1861 al 1865 fu la prima capitale di questo regno Regno d'Italia
100%
Lenzuolo sacro conservato nel Duomo di Torino Sacra Sindone
100%
Insieme a Genova e Milano formava una figura geometrica durante il boom economico Triangolo industriale
100%
Autore de "Il nome della rosa" Umberto Eco
100%
Famoso cioccolatino avvolto in carta dorata o argentata, nato a Torino Gianduiotto
83%
Bastoncini di pane allungati e croccanti, solitamente serviti come antipasto in molti ristoranti Grissini
83%
Famoso divulgatore scientifico, pilastro della TV culturale italiana Piero Angela
83%
Celebre antipasto composto da sottili fette di vitello servite con una salsa a base di uova, tonno, acciughe e capperi Vitello tonnato
83%
Salsa calda a base di aglio, acciughe ed olio d'oliva dove intingere verdure di stagione Bagna cauda
67%
Evento musicale internazionale ospitato a Torino nel 2022 Eurovision Song Contest
67%
Tipo di museo che si trova nella Mole Antonelliana Museo del Cinema
67%
Vincitrice del premio Nobel per la medicina nel 1986 e senatrice a vita Rita Levi-Montalcini
67%
Famosissimo film horror di Dario Argento del 1975 registrato in gran parte a Torino Profondo Rosso
50%
Nessun quiz corrispondente trovato
Distribuzione punteggi
Percentuale di utenti per punteggio
Percentile per numero di risposta
I tuoi punteggi nel tempo
Non hai fatto questo quiz